Oracle 9: The Complete Reference (Record no. 151)

MARC details
000 -LEADER
fixed length control field 00424nam a22001697a 4500
005 - DATE AND TIME OF LATEST TRANSACTION
control field 20160428104305.0
008 - FIXED-LENGTH DATA ELEMENTS--GENERAL INFORMATION
fixed length control field 160428b xxu||||| |||| 00| 0 eng d
020 ## - INTERNATIONAL STANDARD BOOK NUMBER
ISBN 0-07-049902-0
041 ## - LANGUAGE CODE
Language code of text/sound track or separate title eng
082 ## - DEWEY DECIMAL CLASSIFICATION NUMBER
Item number 00518
100 ## - MAIN ENTRY--AUTHOR NAME
Personal name Kelvin, Loney
245 ## - TITLE STATEMENT
Title Oracle 9: The Complete Reference
260 ## - PUBLICATION, DISTRIBUTION, ETC. (IMPRINT)
Place of publication New Delhi
Name of publisher TMH Publ.co.Ltd.
Year of publication 2002
300 ## - PHYSICAL DESCRIPTION
Number of Pages 1268
650 ## - SUBJECT ADDED ENTRY--TOPICAL TERM
Topical Term Information Technology
942 ## - ADDED ENTRY ELEMENTS (KOHA)
Koha item type Books
Holdings
Lost status Damaged status Collection code Home library Current library Shelving location Date acquired Full call number Accession Number Koha item type
    CS/IT JRU Library JRU Library SHELF-53-E 28/04/2016 00518 00518 Books
    CS/IT JRU Library JRU Library SHELF-53-E 28/04/2016 00518 00519 Books
    CS/IT JRU Library JRU Library SHELF-53-E 28/04/2016 00518 00520 Books
    CS/IT JRU Library JRU Library SHELF-53-E 28/04/2016 00518 00521 Books